[Event "Gran Canaria-ch U12"]
[Site "Gran Canaria"]
[Date "2013.03.08"]
[Round "2.3"]
[White "Henriquez Cazorla, Alejandro"]
[Black "Monzon Pena, Javier"]
[Result "1-0"]
[WhiteElo "1227"]
[BlackElo "1200"]
[PlyCount "85"]
[EventDate "2013.03.08"]
[EventType "tourn"]
[EventRounds "7"]
[EventCountry "ESP"]
[SourceTitle "EXT 2024"]
[Source "ChessBase"]
[SourceDate "2023.10.10"]
[SourceVersion "1"]
[SourceVersionDate "2023.10.10"]
[SourceQuality "1"]

1. e4 e5 2. Nf3 Nc6 3. Bc4 b6 4. c3 Bb7 5. d4 exd4 6. cxd4 Qe7 7. Nc3 0-0-0 8. 0-0 Nf6 9. e5 Ng4 10. Ng5 Rg8 11. Bxf7 Rh8 12. Qxg4 h6 13. Bb3 hxg5 14. Bxg5 Qe8 15. Bxd8 Nxd8 16. h3 Be7 17. Bd5 Rh4 18. Bxb7+ Nxb7 19. Qf3 Rxd4 20. Rac1 Qg6 21. Nd5 Bd8 22. Qe3 Rxd5 23. Rfd1 Rc5 24. Qd4 Qg5 25. Rxc5 Nxc5 26. b4 Qf5 27. bxc5 bxc5 28. Qxc5 Qe4 29. Qxa7 Bg5 30. Qd4 Qc6 31. Qd5 Qa4 32. Rb1 Kd8 33. Qg8+ Ke7 34. Qxg7+ Ke6 35. Qxg5 Qe4 36. Qg8+ Ke7 37. Rb8 Qe1+ 38. Kh2 Qxe5+ 39. g3 Qf6 40. Qd8+ Ke6 41. Qxf6+ Kxf6 42. Rb7 d5 43. Rxc7 1-0